000 00344cam a2200169 4500
001 D12174
008 090401t1952 xxu||||| |||| 00| 0 eng d
035 _a(Sirsi) u1622
041 _aeng
100 _aBomford, G.
245 _aGeodesy
260 _bOUP
_c1952
350 _a0
520 _aShelf 113
942 _n0
948 _c04/03/1997
999 _c85686
_d85686